000 01454nam a2200265 4500
001 0000022273
003 CO-CtgCURN
005 20250517153755.0
007 ta
008 160627s1999 000 0 eng d
040 _aCO-CtgCURN
_bspa
_ccoctgcurn
082 0 _a344.01
_bH37a
100 1 _aHernández Sierra, Gustavo.
245 1 0 _aAspectos practicos del derecho individual del trabajo /
_cGustavo Hernández Sierra.
260 _aIbague :
_bLibreria Editorial Miguel Wilches,
_c1999.
300 _axxxviii, 342 p.
336 _2rdacontent
337 _2rdamedia
_asin mediacion
_bn
338 _2rdacarrier
_avolumen
_bnc
505 8 _aEl derecho.--Que es el derecho.--Los empleados del estado, las modalidades de vinculacion con la Administración publica.--iia gubernativa laboral.--Naturaleza juridica de la via gubernativa.--Supuestos del articulo sexto del Código de procedimiento laboral.--El procedimiento de la via gubernativa.--La jurisdicción laboral ante la via gubernativa.--El proceso de fuero sindical y el derecho sustancial.--Jurisprudencia del tribunal superior de Bogotá sala laboral.--Trabajadores amparados por el fuero social.--Acciones que nacen del fuero sindical.--Aspectos generales del derecho laboral.--Fuentes del derecho laboral
650 1 4 _aDerecho laboral
_zColombia.
908 _a160627
942 _cBK
_h344.01
_iH37a
_2ddc
_n0
999 _c2169
_d2169